[Event "Landesliga U20 Nord 1617"]
[Site "Bayern"]
[Date "2017.01.21"]
[Round "5.2"]
[White "Baumgaertel, Laura Maria"]
[Black "Schilay, Lorenz"]
[Result "1-0"]
[WhiteElo "1573"]
[BlackElo "1861"]
[PlyCount "113"]
[EventDate "2016.11.12"]
[EventType "team-tourn"]
[EventRounds "7"]
[EventCountry "GER"]
[SourceTitle "EXT 2022"]
[Source "ChessBase"]
[SourceDate "2021.10.06"]
[SourceVersion "1"]
[SourceVersionDate "2021.10.06"]
[SourceQuality "1"]
[WhiteTeam "Schwandorf U20"]
[BlackTeam "Neumarkt U20"]
[WhiteTeamCountry "GER"]
[BlackTeamCountry "GER"]

1. d4 Nf6 2. c4 g6 3. Nc3 d5 4. e3 Bg7 5. Bd3 0-0 6. Nf3 dxc4 7. Bxc4 Bf5 8. 0-0 Nbd7 9. Bd2 c5 10. h3 Rc8 11. Bb3 cxd4 12. Nxd4 Bd3 13. Re1 Nb6 14. Nce2 e5 15. Nf3 Nfd5 16. Rc1 Qe7 17. Nc3 Nxc3 18. Rxc3 e4 19. Rxc8 Rxc8 20. Nd4 Qd6 21. Bc3 Nd7 22. Qd2 Nc5 23. Bc2 Bxc2 24. Qxc2 Nd3 25. Rd1 Bxd4 26. exd4 Qxd4 27. Qd2 Qd6 28. Re1 f5 29. g4 Qe6 30. Qxd3 exd3 31. Rxe6 fxg4 32. hxg4 Rc4 33. f3 Rd4 34. Re1 Rd6 35. Rd1 h5 36. Kg2 hxg4 37. fxg4 b5 38. g5 Rd5 39. Bf6 b4 40. Kf3 Ra5 41. Ra1 Rd5 42. Ke3 d2 43. Ke2 Kf7 44. Kd1 Ke6 45. a3 b3 46. Ke2 Kf5 47. Rd1 a5 48. Rxd2 Rc5 49. Rd3 Rb5 50. Ke3 Ke6 51. Kd4 a4 52. Kc4 Rb8 53. Rd4 Rc8+ 54. Kb5 Rc2 55. Rc4 Rh2 56. Kxa4 Kd5 57. Kxb3 1-0